| 000 | 01014nam a2200301 a 4500 | ||
|---|---|---|---|
| 001 | 000008142 | ||
| 003 | DO-SdBNP | ||
| 005 | 20180327090149.0 | ||
| 007 | 000008142 | ||
| 008 | 090915s2005 dr a 000 0 spa d | ||
| 020 | _a999342398X | ||
| 040 |
_aBPMSU _bspa _cBPMSU |
||
| 092 |
_aRD861.44 _bF316p |
||
| 100 | 1 | _aFéliz Marrero, Laura | |
| 245 | 1 | 0 |
_aPoesías, rimas y canciones infantiles / _cLaura Féliz Marrero ; encargada de la edición Fiume Gómez Sánchez. |
| 260 |
_aSanto Domingo: _fAmigo del Hogar, _c2005. |
||
| 300 |
_a82 p. : _bil. ; _c22 cm. |
||
| 500 | _aIncluye datos biográficos de la autora | ||
| 500 | _aEn la cubierta aprendamos coloreando | ||
| 650 | 4 | _aPOESÍA DOMINICANA | |
| 650 | 4 |
_aCANCIONES INFANTILES _zREPÚBLICA DOMINICANA |
|
| 650 | 4 | _aLITERATURA DOMINICANA | |
| 700 | 1 | _aGómez Sánchez, Fiume | |
| 910 | _aValidado. Control de calidad BNPHU | ||
| 942 |
_2ddc _cBK |
||
| 945 | _aRemanejado para la BNPHU / 2018 VM | ||
| 956 |
_aVMATEO _b10 _c20150416 _lBPMSU _h00151 |
||
| 999 |
_c7658 _d7658 |
||